000 00398 a2200121 4500
001 ART_2706
005 20260410161709.0
008 260409a
245 1 0 _aVulnerabilidad al delito y sentimiento de inseguridad en Buenos Aires
100 1 _aBergman, Marcelo
700 1 _aKessler, Gabriel
773 0 _tDesarrollo económico
_g- Vol. 48, Nº 190/191 (jul./dic. 2008)
_wREV1174
999 _c15924
_d15924